Curs de gemmologia : (1r nivell) / Elionor Balagué (1r nivell) / Elionor Balagué
Descripción Física:
143 p. : il. ; 30 cm
Materias:
Pedres precioses
MARC
| LEADER | 00000nam a2200000Ia 4500 | ||
|---|---|---|---|
| 001 | 2328 | ||
| 003 | BGR | ||
| 005 | 20260324175653.0 | ||
| 008 | 160829s9999 xx 000 0 cat d | ||
| 080 | |a C-1-77 | ||
| 100 | |a Balagué, Elionor |9 37350 | ||
| 245 | |a Curs de gemmologia : |b (1r nivell) / Elionor Balagué | ||
| 260 | |a Barcelona : |b Diputació de Barcelona. Escola d'Arts i Oficis, [1987] | ||
| 300 | |a 143 p. : |b il. ; |c 30 cm | ||
| 650 | |a Pedres precioses |9 37351 | ||
| 710 | 2 | |a Escola d'Arts i Oficis (Barcelona, Catalunya) |9 55874 | |
| 901 | |a Arxiu | ||
| 942 | |n 1 |2 udc |c MON | ||
| 952 | |0 0 |1 0 |4 0 |6 C177 |7 1 |9 47818 |a Arxiu |b Arxiu |d 2016-12-01 |l 0 |o C-1-77 |p 2328 |r 2016-12-01 00:00:00 |w 2016-12-01 |y ARXIU | ||
| 999 | |c 51617 |d 51617 | ||